| 000 | 03833nam a22005417a 4500 | ||
|---|---|---|---|
| 001 | DVD-007630-638 | ||
| 005 | 20110517031600.0 | ||
| 006 | a|||||r|||||00| 0 | ||
| 007 | vd cvaizu | ||
| 008 | 100506s2009 ii 138 g 00| 0 hin | ||
| 010 | _aDVD-007630-638 | ||
| 024 |
_aDHIF2121S _c149.00 |
||
| 035 | _aDVD-007630-638 | ||
| 040 |
_aDLC _cDLC _dDLC _eamim |
||
| 082 | _aDVD ALLT | ||
| 245 | 0 | 0 |
_aAll the best : _bfun begins / _cAjay Devagn Ffilms ; a Rohit Shetty film. |
| 257 | _aIndia. | ||
| 260 |
_aNew Delhi : _bMoser Baer Entertainment, _cp2009. |
||
| 300 |
_a1 videodisc of (DVD) (ca. 138 min.) : _bsd., col. ; _c4 3/4 in. _3viewing copy. |
||
| 500 | _aAccompanied by free DVD: Khud-daar / director, Ravi Tandon. | ||
| 500 | _aDiscs 1-2 together in one container. | ||
| 500 | _aOriginally released theatrically in 2009. | ||
| 500 | _aSummary partially taken from container. | ||
| 508 | _aMusic, Pritam ; lyrics, Kumaar ; screenplay, Yunus Sajawal ; editor, Steven H. Bernard. | ||
| 511 | 1 | _aAjay Devgan, Fardeen Khan, Sanjay Dutt, Mugdha Godse, Bipasha Basu. | |
| 520 | _aVeer in greed of extracting extra pocket money from his step-brother Dharam, a business-honcho from London, tries to lie about his single status and puts it forth as 'happily married'. His friend Prem, a concept car expert, lends a helping hand in this falsely embossed projection. Veer and Prem land up in debts as they had opted for a short-cut to earn easy money. The two get into a bigger soup when Veer's step-brother, Dharam pays a sudden visit to their place. | ||
| 538 | _a5.1 Digital sound, NTSC All region, with English subtitle, | ||
| 546 | _aIn Hindi with English subtitles. | ||
| 650 | 0 |
_aDeception _vDrama. _933262 |
|
| 650 | 0 |
_aDebtor and creditor _vDrama. _933263 |
|
| 650 | 0 |
_aStepbrothers _vDrama. _933264 |
|
| 700 | 1 |
_aDevgan, Ajay, _eproduction. _933265 |
|
| 700 | 1 |
_aShetty, Rohit, _d1974- _edirection. _933266 |
|
| 700 | 0 |
_aPritam, _emusic. _933267 |
|
| 710 | 2 |
_aMoser Baer Entertainment (Firm) _933268 |
|
| 942 |
_2ddc _cCF _hDVD _mALLT |
||
| 999 |
_c55752 _d55752 |
||